000 00658nam a22002057a 4500
005 20251108173125.0
008 250721s2002 xx 000 0 ara d
082 1 4 _a004.67/خمي
100 1 _aخميس، أحمد حسن
245 1 0 _aتحدث إلى أصدقائك من خلال الإنترنت /
264 1 _aالقاهرة :
_bالمؤلف،
_c2002.
300 _a44ص
490 0 _aسلسلة أنت و طفلك لتعليم الكمبيوتر
650 1 7 _aشبكات المعلومات
650 1 7 _aشبكة الإتصالات
650 1 7 _aالحواسيب
650 1 7 _aرعاية الطفولة
942 _2ddc
_cBK
999 _c96609
_d96609